Orders and regulations, Corps of Engineers, U.S. Army. (Record no. 92325)

MARC details
000 -LEADER
fixed length control field 00674cam a22002171 4500
001 - CONTROL NUMBER
control field war17000227
003 - CONTROL NUMBER IDENTIFIER
control field DLC
005 - DATE AND TIME OF LATEST TRANSACTION
control field 20260227112811.0
008 - FIXED-LENGTH DATA ELEMENTS--GENERAL INFORMATION
fixed length control field 830919s1917 dcuk f000 0 eng c
010 ## - LIBRARY OF CONGRESS CONTROL NUMBER
LC control number war17000227
035 ## - SYSTEM CONTROL NUMBER
System control number (OCoLC)9923447
040 ## - CATALOGING SOURCE
Original cataloging agency U.S. Army War Coll. Libr.
Transcribing agency MBU
Modifying agency DLC
042 ## - AUTHENTICATION CODE
Authentication code premarc
050 00 - LIBRARY OF CONGRESS CALL NUMBER
Classification number UG23
Item number .A6 1917
110 1# - MAIN ENTRY--CORPORATE NAME
Corporate name or jurisdiction name as entry element United States.
Subordinate unit Army.
-- Corps of Engineers.
245 10 - TITLE STATEMENT
Title Orders and regulations, Corps of Engineers, U.S. Army.
260 ## - PUBLICATION, DISTRIBUTION, ETC.
Place of publication, distribution, etc. Washington,
Name of publisher, distributor, etc. Govt. Print. Off.,
Date of publication, distribution, etc. 1917.
300 ## - PHYSICAL DESCRIPTION
Extent 558 p.
Other physical details fold. forms.
Dimensions 20 cm.
500 ## - GENERAL NOTE
General note War Dept. doc. no. 622.
610 10 - SUBJECT ADDED ENTRY--CORPORATE NAME
Corporate name or jurisdiction name as entry element United States.
Subordinate unit Army.
-- Corps of Engineers.

No items available.

Powered by Koha